Databases : How To Manage Information On Your Micro (Record no. 6777)

000 -LEADER
fixed length control field 00290nam a2200109Ia 4500
008 - FIXED-LENGTH DATA ELEMENTS--GENERAL INFORMATION
fixed length control field 201216s9999 xx 000 0 und d
100 ## - MAIN ENTRY--PERSONAL NAME
Personal name Laurie, Peter
245 #0 - TITLE STATEMENT
Title Databases : How To Manage Information On Your Micro
260 ## - PUBLICATION, DISTRIBUTION, ETC.
Place of publication, distribution, etc. London
Name of publisher, distributor, etc. Chapman & Hall Methuen
300 ## - PHYSICAL DESCRIPTION
Extent 139
942 ## - ADDED ENTRY ELEMENTS (KOHA)
Koha item type Books
Holdings
Withdrawn status Lost status Damaged status Not for loan Permanent Location Date acquired Full call number Barcode Date last seen Price effective from Koha item type
        IMU Kolkata 2020-12-16 006.74 L385 PM01849 2020-12-16 2020-12-16 Books
Designed and Maintained by IMU-KC Library, Kolkata Campus © Copyright All Rights Reserved

webs counters

Powered by Koha